BEYOND LAW SCHOOL: A CAREER GUIDE FOR THE LAW GRADUATE (Record no. 9118)

MARC details
000 -LEADER
fixed length control field 00399nam a22001457a 4500
005 - DATE AND TIME OF LATEST TRANSACTION
control field 20260422112230.0
008 - FIXED-LENGTH DATA ELEMENTS--GENERAL INFORMATION
fixed length control field 260422b |||||||| |||| 00| 0 eng d
020 ## - INTERNATIONAL STANDARD BOOK NUMBER
ISBN 978-93-91452-58-2
041 ## - LANGUAGE CODE
Language code of text/sound track or separate title eng
100 ## - MAIN ENTRY--AUTHOR NAME
Personal name DHAGE, ADV.SAURABH AJAY
245 ## - TITLE STATEMENT
Title BEYOND LAW SCHOOL: A CAREER GUIDE FOR THE LAW GRADUATE
260 ## - PUBLICATION, DISTRIBUTION, ETC. (IMPRINT)
Name of publisher TRUTH AND SOCIAL PUBLICATION
Year of publication 2025
300 ## - PHYSICAL DESCRIPTION
Number of Pages 122;P
942 ## - ADDED ENTRY ELEMENTS (KOHA)
Koha item type Books
Holdings
Lost status Damaged status Home library Current library Shelving location Date acquired Source of acquisition Cost, normal purchase price Accession Number Koha item type
    JRU Library JRU Library On Display 22/04/2026 DONATION 330.00 00102/D Books